00000000nam 2200000za 4500
0019.676362
003CaOODSP
00520250403105601
007cr |||||||||||
008150407s1987    onc||||#o    f00| 0 fre d
040 |aCaOODSP|bfre
041 |aeng
041 |afre
043 |an-cn---
0861 |aCS94-107/1987-PDF
24500|aNouveau-Brunswick. |nPart 1, |pProfiles |h[ressource électronique] = |bNouveau-Brunswick. Partie 1, Profils.
24611|aNouveau-Brunswick. |nPartie 1, |pProfils.
2461 |iEn tête du titre: |aPopulation and Dwelling Characteristics - Census Divisions and Subdivisions = |bCaractéristiques de la population et des lodgements - Divisions et subdivisions de recensement
260 |aOttawa : |bStatistique Canada,|c1987.
500 |aPublication du recensement historique numérisé par Statistique Canada.
546 |aEn français et en Anglais.
590 |a13-07-Supp|b2013-03-25
69107|aRecensement|2gcpds
7102 |aStatistique Canada.
791 |tNew Brunswick. |eeng|w(CaOODSP)9.676361
85640|uhttps://publications.gc.ca/collections/collection_2013/statcan/rh-hc/CS94-107-1987.pdf|qPDF|s13.5 Mo